[Event "Kitchener Winter op"]
[Site "Kitchener CAN"]
[Date "2011.03.13"]
[Round "4"]
[White "Raheb, David"]
[Black "Calugar, Arthur"]
[Result "1/2-1/2"]
[WhiteElo "2244"]
[BlackElo "2201"]
[PlyCount "164"]
[GameId "2160767909787447"]
[EventDate "2011.03.12"]
[EventType "swiss"]
[EventRounds "5"]
[EventCountry "CAN"]
[SourceTitle "EXT 2022"]
[Source "ChessBase"]
[SourceDate "2021.10.06"]
[SourceVersion "1"]
[SourceVersionDate "2021.10.06"]
[SourceQuality "1"]

1. d4 Nf6 2. c4 g6 3. Nf3 Bg7 4. g3 O-O 5. Bg2 d5 6. O-O dxc4 7. Na3 c3 8. bxc3 c5 9. Ne5 Nfd7 10. Nac4 Nxe5 11. Nxe5 Nd7 12. Nxd7 Qxd7 13. e3 Rb8 14. Ba3 cxd4 15. cxd4 b5 16. Bc5 Bb7 17. Bxb7 Rxb7 18. Qd2 Rfb8 19. Rab1 Qd8 20. Bb4 e6 21. Rfc1 h5 22. h4 Ra8 23. Ba5 Qd7 24. Rc2 Bf8 25. Qd3 b4 26. Rbc1 Qb5 27. Qe4 Rab8 28. Bc7 Rc8 29. Be5 Rxc2 30. Rxc2 Qd7 31. Qf4 Bg7 32. Bxg7 Kxg7 33. Qe5+ Kh7 34. Rc5 a6 35. e4 Qe7 36. Rc8 f6 37. Qa5 Qd7 38. Qc5 a5 39. Ra8 a4 40. Qf8 Qg7 41. Qxg7+ Kxg7 42. Rxa4 Kf7 43. Kf1 Ke7 44. Ke2 b3 45. axb3 Rxb3 46. Ra7+ Kf8 47. Rd7 Ra3 48. e5 fxe5 49. dxe5 Ra5 50. f4 Ra3 51. Rd3 Ra7 52. Kf3 Ke7 53. Rc3 Ra1 54. Rc7+ Kf8 55. Rc3 Ke7 56. Rb3 Re1 57. Rb7+ Kf8 58. Rb2 Ke7 59. g4 hxg4+ 60. Kxg4 Rg1+ 61. Kh3 Kf7 62. Rb7+ Kf8 63. Rb3 Kf7 64. Rg3 Rh1+ 65. Kg4 Kg7 66. Rh3 Rg1+ 67. Kf3 Ra1 68. Rh2 Ra3+ 69. Kg4 Ra1 70. h5 Rg1+ 71. Kf3 gxh5 72. Rxh5 Kg6 73. Rh3 Rf1+ 74. Kg4 Ra1 75. Rg3 Rf1 76. Rg2 Ra1 77. f5+ exf5+ 78. Kf4+ Kf7 79. Kxf5 Rf1+ 80. Ke4 Re1+ 81. Kd4 Rd1+ 82. Ke3 Re1+ 1/2-1/2

[Event "Kitchener Winter op"]
[Site "Kitchener CAN"]
[Date "2011.03.13"]
[Round "5"]
[White "Calugar, Arthur"]
[Black "Ng, Gary"]
[Result "1-0"]
[WhiteElo "2201"]
[BlackElo "2109"]
[PlyCount "177"]
[GameId "2160767909787451"]
[EventDate "2011.03.12"]
[EventType "swiss"]
[EventRounds "5"]
[EventCountry "CAN"]
[SourceTitle "EXT 2022"]
[Source "ChessBase"]
[SourceDate "2021.10.06"]
[SourceVersion "1"]
[SourceVersionDate "2021.10.06"]
[SourceQuality "1"]

1. e4 b6 2. d4 Bb7 3. Bd3 Nf6 4. Nd2 Nc6 5. c3 e5 6. Ngf3 Qe7 7. O-O d6 8. Qa4 Nd7 9. Bb5 Ncb8 10. dxe5 dxe5 11. Rd1 a6 12. Be2 g6 13. Nf1 b5 14. Qc2 Nc5 15. Ng3 Bg7 16. b4 Ne6 17. a4 c6 18. Be3 O-O 19. h4 Nd7 20. Ng5 Nxg5 21. hxg5 Rfd8 22. Nf1 Nf8 23. Bg4 Rxd1 24. Rxd1 a5 25. bxa5 Rxa5 26. axb5 cxb5 27. Nd2 Ra8 28. Nb3 Rd8 29. Nc5 Bc6 30. Ra1 Ra8 31. Rxa8 Bxa8 32. Qa2 Bc6 33. Qa6 Qe8 34. Bc8 Ne6 35. Bxe6 fxe6 36. f3 Bf8 37. Nd3 Bd6 38. Bc5 Bc7 39. Nb4 Bd7 40. Bd6 Bd8 41. Bxe5 Bxg5 42. Nd3 Bc6 43. Bd4 Be7 44. Qa7 Qd8 45. Ne5 Be8 46. Qa6 Qd6 47. Qc8 Kf8 48. Nd3 Qd7 49. Qb8 Bd6 50. Qb6 Qc6 51. Qa7 Qd7 52. Qa1 Qc7 53. e5 Be7 54. Qc1 Kg8 55. Qf4 Bf8 56. Nf2 Bc6 57. Ng4 Bg7 58. Qg5 Qd7 59. Qe3 Qe8 60. Qd2 Qd7 61. Kh2 Qe8 62. Kg3 Qd7 63. Kf2 Qc7 64. Qg5 Qd7 65. Be3 Qe8 66. Qh4 Qd7 67. Bh6 Bh8 68. Bg5 Bg7 69. Bf6 Bf8 70. Qg5 Qa7+ 71. Kg3 Qd7 72. Kh2 Qe8 73. Nf2 Qd7 74. Nh3 Qe8 75. Nf4 Qf7 76. Ne2 Bd5 77. Qh4 Bc5 78. Nf4 Bc4 79. Nh3 Qd7 80. Ng5 Bd5 81. Qf4 Bf8 82. Nh3 Qe8 83. Qh4 Qd7 84. Nf2 Qe8 85. Ng4 Qd7 86. Bg5 Bg7 87. Bh6 Bh8 88. Nf6+ Bxf6 89. Qxf6 1-0

[Event "Winter op"]
[Site "Kitchener CAN"]
[Date "2011.03.12"]
[Round "2"]
[White "Calugar, Arthur"]
[Black "Wang, Jesse BJ"]
[Result "1/2-1/2"]
[WhiteElo "2201"]
[BlackElo "2000"]
[PlyCount "136"]
[GameId "2160767909787469"]
[EventDate "2011.03.12"]
[EventType "swiss"]
[EventRounds "5"]
[EventCountry "CAN"]

1. b3 Nf6 2. Bb2 g6 3. g3 Bg7 4. Bg2 d6 5. d4 c5 6. Nf3 cxd4 7. Nxd4 a6 8. c4 O-O 9. O-O Qc7 10. Nc3 Nc6 11. Rc1 Nxd4 12. Qxd4 Ne8 13. Qe4 e6 14. Rfd1 f5 15. Qf3 Rb8 16. Qd3 Rf7 17. Ba3 Bf8 18. Na4 Bd7 19. c5 d5 20. Nb6 Bc6 21. Qe3 Qe7 22. Bb2 Rd8 23. a4 Nc7 24. b4 Na8 25. Nxa8 Rxa8 26. Qb3 Qe8 27. Ra1 Bg7 28. Bxg7 Kxg7 29. e3 Rb8 30. Bf1 Rc7 31. Rdc1 Qe7 32. Rc2 Qf6 33. Rac1 d4 34. exd4 Qxd4 35. Qxe6 Bxa4 36. Rc4 Qf6 37. Qxf6+ Kxf6 38. Rd4 Re8 39. Bc4 Rd7 40. Rxd7 Bxd7 41. Rd1 Bc6 42. Rd6+ Kg5 43. f4+ Kh6 44. Be6 a5 45. bxa5 Ra8 46. Bd7 Bxd7 47. Rxd7 Rxa5 48. Rc7 Rb5 49. Kf2 g5 50. fxg5+ Kxg5 51. Rxh7 Rxc5 52. Rg7+ Kf6 53. Rxb7 Rc2+ 54. Kg1 f4 55. g4 Kg5 56. h3 Kh4 57. Rb3 Kg5 58. Rf3 Rc1+ 59. Kg2 Rc2+ 60. Kf1 Rh2 61. Rb3 Kh4 62. Kg1 Ra2 63. Rf3 Kg5 64. Rf2 Ra3 65. Kg2 Rg3+ 66. Kh2 Kh4 67. Rxf4 Rxh3+ 68. Kg2 Rg3+ 1/2-1/2

[Event "Hart House Reading Week op"]
[Site "Toronto CAN"]
[Date "2011.02.19"]
[Round "1"]
[White "Calugar, Arthur"]
[Black "Nicholson, Matthew"]
[Result "1-0"]
[WhiteElo "2354"]
[BlackElo "2110"]
[PlyCount "109"]
[GameId "2160767909804379"]
[EventDate "2011.02.19"]
[EventType "swiss"]
[EventRounds "6"]
[EventCountry "CAN"]
[SourceTitle "EXT 2022"]
[Source "ChessBase"]
[SourceDate "2021.10.06"]
[SourceVersion "1"]
[SourceVersionDate "2021.10.06"]
[SourceQuality "1"]

1. e4 c5 2. Nf3 d6 3. d4 cxd4 4. Nxd4 Nf6 5. Nc3 g6 6. Be3 Bg7 7. f3 O-O 8. Bc4 Nc6 9. Qd2 Bd7 10. O-O-O Rc8 11. Bb3 Nxd4 12. Bxd4 b5 13. Nd5 Nxd5 14. Bxg7 Kxg7 15. Bxd5 a5 16. h4 e6 17. h5 exd5 18. hxg6 hxg6 19. Qh6+ Kf6 20. Rxd5 Qc7 21. Qd2 Ke7 22. Rd1 Rfd8 23. Rxd6 Be6 24. e5 Bf5 25. Qg5+ Ke8 26. R1d2 Qe7 27. Qg3 b4 28. Kd1 Rxd6 29. exd6 Qf6 30. Qe1+ Kf8 31. Kc1 a4 32. g4 a3 33. Qe7+ Qxe7 34. dxe7+ Kxe7 35. gxf5 b3 36. bxa3 bxa2 37. Kb2 Rc3 38. Kxa2 g5 39. Rf2 Kf6 40. Kb2 Re3 41. c4 Kxf5 42. c5 Kf4 43. a4 f5 44. Rc2 Kxf3 45. Rc3 f4 46. c6 Kf2 47. c7 Re8 48. c8=Q Rxc8 49. Rxc8 g4 50. a5 g3 51. a6 g2 52. Rc2+ Kg1 53. a7 f3 54. a8=Q f2 55. Qa7 1-0

[Event "Hart House Reading Week op"]
[Site "Toronto CAN"]
[Date "2011.02.19"]
[Round "2"]
[White "Moffat, Andrei"]
[Black "Calugar, Arthur"]
[Result "1/2-1/2"]
[WhiteElo "2255"]
[BlackElo "2354"]
[PlyCount "89"]
[GameId "2160767909804388"]
[EventDate "2011.02.19"]
[EventType "swiss"]
[EventRounds "6"]
[EventCountry "CAN"]
[SourceTitle "EXT 2022"]
[Source "ChessBase"]
[SourceDate "2021.10.06"]
[SourceVersion "1"]
[SourceVersionDate "2021.10.06"]
[SourceQuality "1"]

1. e4 c5 2. Nf3 Nc6 3. d4 cxd4 4. Nxd4 e6 5. Be3 Nf6 6. Nc3 Bb4 7. Bd3 d5 8. Nxc6 bxc6 9. exd5 Nxd5 10. Bd2 Nxc3 11. bxc3 Bd6 12. Qh5 h6 13. O-O Qc7 14. Rfe1 O-O 15. Re4 f5 16. Rh4 Qf7 17. Qf3 Bb7 18. Re1 c5 19. Qe2 Rae8 20. Ra4 Bb8 21. f4 Kh8 22. Bb5 Re7 23. Be3 Rc8 24. Qf2 Qg6 25. Ba6 e5 26. Bxb7 Rxb7 27. fxe5 Bxe5 28. Bxh6 Bxc3 29. Bd2 Bd4 30. Be3 Qc6 31. Ra3 Re8 32. Bxd4 cxd4 33. Rf1 Qe4 34. Rh3+ Kg8 35. Rh4 Qe3 36. Rxd4 Rb2 37. Qxe3 Rxe3 38. Rxf5 Rxc2 39. Rd1 Rxa2 40. Rg5 Re7 41. h3 a5 42. Rd8+ Kf7 43. Ra8 a4 44. Rg4 a3 45. Kh2 1/2-1/2

[Event "Hart House Reading Week op"]
[Site "Toronto CAN"]
[Date "2011.02.21"]
[Round "5"]
[White "Lahaye, Rick"]
[Black "Calugar, Arthur"]
[Result "1/2-1/2"]
[WhiteElo "2389"]
[BlackElo "2354"]
[PlyCount "103"]
[GameId "2160767909804401"]
[EventDate "2011.02.19"]
[EventType "swiss"]
[EventRounds "6"]
[EventCountry "CAN"]
[SourceTitle "EXT 2022"]
[Source "ChessBase"]
[SourceDate "2021.10.06"]
[SourceVersion "1"]
[SourceVersionDate "2021.10.06"]
[SourceQuality "1"]

1. d4 Nf6 2. Nf3 g6 3. g3 Bg7 4. Bg2 d5 5. O-O O-O 6. b3 c5 7. e3 cxd4 8. exd4 Nc6 9. Bb2 Bf5 10. a3 Rc8 11. Nbd2 Ne4 12. Rc1 Qb6 13. c4 Nxd2 14. Qxd2 Qxb3 15. cxd5 Qxd5 16. Ne5 Qd6 17. Nc4 Qb8 18. Rfe1 Nxd4 19. Bxd4 Rfd8 20. Ne3 Rxd4 21. Nxf5 gxf5 22. Qg5 e6 23. Qe7 Bf8 24. Qg5+ Bg7 25. Qe7 Rxc1 26. Rxc1 Qd8 27. Qxb7 Rd1+ 28. Rxd1 Qxd1+ 29. Bf1 Bd4 30. Kg2 Kg7 31. Qf3 Qd2 32. a4 Kf6 33. Bb5 h6 34. Qe2 Qc3 35. Qc4 Qa1 36. h3 Qb2 37. Qe2 Qc3 38. Qc4 Ke5 39. Qxc3 Bxc3 40. Be8 f6 41. Bd7 Bd2 42. Kf3 a5 43. Bc8 f4 44. g4 f5 45. gxf5 Kxf5 46. Ke2 Bb4 47. f3 Kf6 48. Kd3 e5 49. Ke4 Bc3 50. Bd7 Kg5 51. Bc8 Kh4 52. Bd7 1/2-1/2

[Event "Guelph Winter ProAm"]
[Site "Guelph CAN"]
[Date "2011.02.05"]
[Round "1"]
[White "Calugar, Arthur"]
[Black "Itkin, David"]
[Result "1-0"]
[WhiteElo "2370"]
[BlackElo "2036"]
[PlyCount "77"]
[GameId "2160767909812711"]
[EventDate "2011.02.05"]
[EventType "swiss"]
[EventRounds "5"]
[EventCountry "CAN"]
[SourceTitle "EXT 2022"]
[Source "ChessBase"]
[SourceDate "2021.10.06"]
[SourceVersion "1"]
[SourceVersionDate "2021.10.06"]
[SourceQuality "1"]

1. Nf3 Nf6 2. b3 g6 3. Bb2 Bg7 4. g3 O-O 5. Bg2 d6 6. d4 c5 7. O-O Bf5 8. Nh4 Be4 9. d5 Bxg2 10. Kxg2 Nbd7 11. c4 b5 12. Nd2 bxc4 13. bxc4 Rb8 14. Bc3 Nh5 15. Bxg7 Nxg7 16. f4 f5 17. Qc2 e5 18. dxe6 Nxe6 19. Nhf3 Nf6 20. e4 fxe4 21. Nxe4 d5 22. Neg5 Nxg5 23. Nxg5 Ng4 24. Qe2 Qd7 25. h3 Nf6 26. Rae1 Rfe8 27. Qd2 dxc4 28. Qc2 Qd3 29. Rxe8+ Rxe8 30. Rf2 Nd5 31. Qa4 Re1 32. Qc6 Ne3+ 33. Kh2 Nf1+ 34. Rxf1 Qd2+ 35. Kg1 Qe3+ 36. Kh2 Qd2+ 37. Kg1 Qe3+ 38. Kg2 Re2+ 39. Kh1 1-0

[Event "Guelph Winter ProAm"]
[Site "Guelph CAN"]
[Date "2011.02.05"]
[Round "2"]
[White "Orlova, Yelizaveta"]
[Black "Calugar, Arthur"]
[Result "1/2-1/2"]
[WhiteElo "2002"]
[BlackElo "2364"]
[PlyCount "98"]
[GameId "2160767909812720"]
[EventDate "2011.02.05"]
[EventType "swiss"]
[EventRounds "5"]
[EventCountry "CAN"]
[SourceTitle "EXT 2022"]
[Source "ChessBase"]
[SourceDate "2021.10.06"]
[SourceVersion "1"]
[SourceVersionDate "2021.10.06"]
[SourceQuality "1"]

1. Nf3 Nf6 2. b3 g6 3. Bb2 Bg7 4. g3 O-O 5. Bg2 c5 6. c4 Nc6 7. O-O d6 8. d4 Ne4 9. e3 f5 10. Qe2 e5 11. Rd1 Qe7 12. dxc5 dxc5 13. Nfd2 Nxd2 14. Bd5+ Be6 15. Rxd2 e4 16. Bxg7 Kxg7 17. Nc3 Ne5 18. Kg2 Nf3 19. Rdd1 Bc8 20. a3 g5 21. Qb2 Kh6 22. b4 Ne5 23. bxc5 Nd3 24. Qc2 Nxc5 25. h4 g4 26. Nb5 Bd7 27. Rdb1 Be6 28. Nc3 Rac8 29. Rb5 Bxd5 30. Nxd5 Qe5 31. Rab1 Rfd8 32. a4 Rd6 33. Qa2 Qe6 34. Qa3 Rdc6 35. Nb4 R6c7 36. Nd5 Rc6 37. Nb4 Rd6 38. Nd5 Rdc6 39. Nb4 Rd6 40. Nd5 Rdc6 41. Nb4 R6c7 42. Nd5 Rc6 43. Nb4 Rd6 44. Nd5 Rdc6 45. Nb4 Rd6 46. Nd5 Rdc6 47. Nb4 Qxc4 48. Nxc6 Rxc6 49. Rc1 Qxa4 1/2-1/2

[Event "CAN-op"]
[Site "Kitchener CAN"]
[Date "2006.07.15"]
[Round "1"]
[White "Gokhale, Chandrashekhar"]
[Black "Calugar, Arthur"]
[Result "1-0"]
[WhiteElo "2371"]
[BlackElo "2034"]
[PlyCount "117"]
[GameId "2160767910798738"]
[EventDate "2006.07.15"]
[EventType "swiss"]
[EventRounds "9"]
[EventCountry "CAN"]
[SourceTitle "CBM 113 Extra"]
[Source "ChessBase"]
[SourceDate "2006.09.14"]
[SourceVersion "1"]
[SourceVersionDate "2006.09.14"]
[SourceQuality "1"]

1. d4 Nf6 2. c4 g6 3. Nc3 d5 4. Nf3 Bg7 5. Bg5 Ne4 6. Bh4 Nxc3 7. bxc3 c5 8. e3 O-O 9. cxd5 cxd4 10. cxd4 Qxd5 11. Bxe7 Re8 12. Bb4 Nc6 13. Bc3 Bg4 14. Be2 Bxf3 15. Bxf3 Qc4 16. Rc1 Qxa2 17. O-O Qc4 18. Ba1 Qa6 19. Rb1 Rab8 20. Bc3 b5 21. Qb3 Qb6 22. Bd5 Re7 23. Rfc1 Rc7 24. Be1 a6 25. Qa2 Rbc8 26. Ra1 a5 27. Bxc6 Rxc6 28. Rxc6 Qxc6 29. Qxa5 h5 30. Rb1 Rb8 31. Qc3 Qb6 32. Qb3 Bf8 33. Bb4 Qc6 34. h3 Bd6 35. Bxd6 Qxd6 36. Qb4 Qc6 37. Ra1 Qc7 38. d5 Qc4 39. Qxc4 bxc4 40. Kf1 Rd8 41. e4 Kg7 42. Ke2 f5 43. f3 Kf6 44. Ke3 Ke5 45. f4+ Kd6 46. e5+ Kc5 47. d6 Kd5 48. Ra5+ Ke6 49. Kd4 Rd7 50. h4 Rb7 51. Kxc4 Rd7 52. Ra8 Rb7 53. Rf8 Rg7 54. Rf6+ Kd7 55. Kd5 Rg8 56. e6+ Ke8 57. d7+ Ke7 58. Rf7+ Kd8 59. Kd6 1-0

[Event "CAN-op"]
[Site "Kitchener CAN"]
[Date "2006.07.16"]
[Round "2"]
[White "Calugar, Arthur"]
[Black "McKim, Fred"]
[Result "0-1"]
[WhiteElo "2005"]
[BlackElo "1830"]
[PlyCount "140"]
[GameId "2160767910798764"]
[EventDate "2006.07.15"]
[EventType "swiss"]
[EventRounds "9"]
[EventCountry "CAN"]

1. Nf3 Nf6 2. b3 d5 3. Bb2 Bf5 4. g3 c5 5. Bg2 Nc6 6. d3 h6 7. Nbd2 e6 8. c4 Be7 9. O-O O-O 10. Rc1 Rc8 11. Re1 d4 12. a3 a5 13. Nf1 Re8 14. h3 Qd7 15. g4 Bh7 16. N3h2 Bd6 17. Rb1 e5 18. Ng3 e4 19. Nxe4 Nxe4 20. dxe4 Bxe4 21. Ra1 Bb8 22. Nf1 Bg6 23. e4 Bf4 24. Bc1 Qd6 25. Qf3 Bxc1 26. Raxc1 Rcd8 27. Nd2 f6 28. Rcd1 Qb8 29. Qd3 h5 30. Qe2 hxg4 31. Qxg4 Ne5 32. Qg3 Bh5 33. Rb1 Bf7 34. Kh2 Nd3 35. Qxb8 Rxb8 36. Rf1 Nf4 37. Bf3 Bh5 38. Bxh5 Nxh5 39. f4 b5 40. cxb5 Rxb5 41. Rbc1 a4 42. bxa4 Rb2 43. Rf2 Nxf4 44. Rxf4 Rxd2+ 45. Kg3 Rc8 46. Rf2 Rxf2 47. Kxf2 Kf7 48. Ke2 Ke6 49. Kd3 Kd6 50. h4 Rh8 51. Rh1 Rb8 52. Kc4 Rb2 53. Rg1 Rc2+ 54. Kb3 Re2 55. Rxg7 Rxe4 56. h5 Re3+ 57. Kb2 c4 58. Rg4 Re2+ 59. Kc1 Kd5 60. Rh4 c3 61. h6 d3 62. Rh1 Ra2 63. Kb1 Rb2+ 64. Ka1 Rb8 65. h7 c2 66. h8=Q Rxh8 67. Rxh8 d2 68. Rd8+ Ke5 69. Rxd2 c1=Q+ 70. Ka2 Qxd2+ 0-1

[Event "CAN-op"]
[Site "Kitchener CAN"]
[Date "2006.07.20"]
[Round "6"]
[White "Calugar, Arthur"]
[Black "Buscar, Michael"]
[Result "0-1"]
[WhiteElo "2034"]
[BlackElo "2127"]
[PlyCount "84"]
[GameId "2160767910802979"]
[EventDate "2006.07.15"]
[EventType "swiss"]
[EventRounds "9"]
[EventCountry "CAN"]
[SourceTitle "CBM 113 Extra"]
[Source "ChessBase"]
[SourceDate "2006.09.14"]
[SourceVersion "1"]
[SourceVersionDate "2006.09.14"]
[SourceQuality "1"]

1. e4 e5 2. Nf3 Nf6 3. Nxe5 d6 4. Nf3 Nxe4 5. Nc3 Nxc3 6. dxc3 Be7 7. Bf4 Nd7 8. Qd2 Nc5 9. Be3 Bf5 10. O-O-O O-O 11. Bxc5 dxc5 12. Bd3 Bxd3 13. cxd3 b5 14. Qc2 a5 15. d4 c4 16. Kb1 Qd6 17. h4 h6 18. Ne5 Bf6 19. f4 Rfb8 20. g3 Bxe5 21. dxe5 Qc6 22. Rc1 Rb6 23. Rhe1 Rd8 24. Rcd1 Rbb8 25. Rxd8+ Rxd8 26. Rd1 Rxd1+ 27. Qxd1 Qe4+ 28. Ka1 c5 29. a3 b4 30. cxb4 cxb4 31. Qd8+ Kh7 32. Qd1 c3 33. bxc3 bxc3 34. Qc1 Qd3 35. g4 a4 36. g5 hxg5 37. hxg5 Kg6 38. Qb1 c2 39. Qb6+ Kf5 40. Kb2 Qd1 41. Qe3 Qb1+ 42. Kc3 c1=Q+ 0-1

[Event "CAN-op"]
[Site "Kitchener CAN"]
[Date "2006.07.23"]
[Round "9"]
[White "Davies, Noam"]
[Black "Calugar, Arthur"]
[Result "1-0"]
[WhiteElo "2143"]
[BlackElo "2034"]
[PlyCount "101"]
[GameId "2160767910803080"]
[EventDate "2006.07.15"]
[EventType "swiss"]
[EventRounds "9"]
[EventCountry "CAN"]
[SourceTitle "CBM 113 Extra"]
[Source "ChessBase"]
[SourceDate "2006.09.14"]
[SourceVersion "1"]
[SourceVersionDate "2006.09.14"]
[SourceQuality "1"]

1. e4 c5 2. Nf3 Nc6 3. d4 cxd4 4. Nxd4 e6 5. Nb5 Nf6 6. N1c3 d6 7. Bf4 e5 8. Bg5 a6 9. Na3 b5 10. Bxf6 gxf6 11. Nd5 Bg7 12. c4 Nd4 13. cxb5 f5 14. bxa6 fxe4 15. Bb5+ Nxb5 16. Nxb5 O-O 17. Nbc7 Rxa6 18. Nxa6 Bxa6 19. b4 Qh4 20. Ne3 Bd3 21. a4 f5 22. g3 Qh3 23. Qb3+ Kh8 24. Qe6 Qh5 25. g4 fxg4 26. Qxg4 Qf7 27. Nf5 Qxf5 28. Qxf5 Rxf5 29. b5 Rf8 30. b6 Rb8 31. a5 Ba6 32. Rc1 Bh6 33. Rc7 Bd3 34. Rg1 d5 35. Rg3 e3 36. fxe3 Ba6 37. Ra7 Bb5 38. b7 Bc6 39. Ra6 Bxb7 40. Rxh6 Ra8 41. Rgh3 Bc8 42. Rxh7+ Kg8 43. Rh8+ Kg7 44. R3h7+ Kg6 45. Rc7 Bb7 46. Rxa8 Bxa8 47. a6 d4 48. exd4 exd4 49. a7 Be4 50. Rc8 Bb7 51. a8=Q 1-0

[Event "CYCC U12"]
[Site "Kitchener CAN"]
[Date "2006.07.10"]
[Round "1"]
[White "Calugar, Arthur"]
[Black "Parker, Dylan"]
[Result "1-0"]
[WhiteElo "2034"]
[BlackElo "1351"]
[PlyCount "69"]
[GameId "2160767910811487"]
[EventDate "2006.07.10"]
[EventType "swiss"]
[EventRounds "7"]
[EventCountry "CAN"]
[SourceTitle "CBM 113 Extra"]
[Source "ChessBase"]
[SourceDate "2006.09.14"]
[SourceVersion "1"]
[SourceVersionDate "2006.09.14"]
[SourceQuality "1"]

1. e4 e5 2. Nf3 Nc6 3. Bb5 a6 4. Ba4 Nf6 5. O-O Bc5 6. c3 Qe7 7. d4 b5 8. Bb3 Bb6 9. Bg5 d6 10. Bd5 Bb7 11. a4 O-O 12. axb5 axb5 13. Na3 b4 14. cxb4 Rfb8 15. Bxc6 Bxc6 16. d5 Bd7 17. Qc2 Ra4 18. b5 Rb4 19. Rfe1 Bxb5 20. Nxb5 Rxb5 21. Nh4 h6 22. Nf5 Qd8 23. Bh4 Bc5 24. Rab1 Ra5 25. Qe2 Ra2 26. h3 Ba3 27. Qf3 Rbxb2 28. Rxb2 Rxb2 29. Qxa3 Rc2 30. Qf3 Rc4 31. Nxh6+ gxh6 32. Bxf6 Qd7 33. Qg3+ Kf8 34. Qg7+ Ke8 35. Qg8# 1-0

[Event "CYCC U12"]
[Site "Kitchener CAN"]
[Date "2006.07.10"]
[Round "2"]
[White "Zhang, Brent"]
[Black "Calugar, Arthur"]
[Result "0-1"]
[WhiteElo "1647"]
[BlackElo "2034"]
[PlyCount "132"]
[GameId "2160767910811488"]
[EventDate "2006.07.10"]
[EventType "swiss"]
[EventRounds "7"]
[EventCountry "CAN"]
[SourceTitle "CBM 113 Extra"]
[Source "ChessBase"]
[SourceDate "2006.09.14"]
[SourceVersion "1"]
[SourceVersionDate "2006.09.14"]
[SourceQuality "1"]

1. e4 c5 2. Nf3 Nc6 3. d4 cxd4 4. Nxd4 e6 5. Nc3 a6 6. Be3 Qc7 7. Be2 b5 8. O-O Bb7 9. Bf3 Ne5 10. a4 b4 11. Nb1 Nc4 12. Qc1 Bc5 13. Nd2 Nxe3 14. fxe3 Nf6 15. e5 Nd5 16. N2b3 Ba7 17. e4 Qxe5 18. exd5 Bxd4+ 19. Nxd4 Qxd4+ 20. Kh1 Qb6 21. Qg5 O-O 22. Be4 Bxd5 23. Bxd5 exd5 24. Qxd5 Qc6 25. Qb3 a5 26. Rf3 Rac8 27. Raf1 Qxc2 28. Qd5 Qc6 29. Qh5 Qc5 30. Qg4 Qd6 31. Rg3 Qe5 32. Qxd7 Qxb2 33. Rgf3 Qa2 34. h3 Qe6 35. Qb5 Ra8 36. Qb7 Rab8 37. Qa7 Ra8 38. Qb7 f6 39. Rd1 Rab8 40. Qc7 Qe5 41. Qa7 Rbd8 42. Rc1 Rc8 43. Rd1 Rfd8 44. Rdf1 Qc7 45. Qe3 Re8 46. Qd4 Qc4 47. Qa7 Ra8 48. Qb7 Qf7 49. Qb5 Reb8 50. Qf5 b3 51. Rb1 Rb4 52. Rd3 Rb7 53. Rbd1 g6 54. Qf2 b2 55. Rb1 Rab8 56. Rc3 Qa2 57. Qc2 Qe6 58. Rc6 Qf5 59. Qc4+ Kg7 60. Rc7+ Rxc7 61. Qxc7+ Kh6 62. Qxb8 Qxb1+ 63. Kh2 Qc1 64. Qf8+ Kg5 65. h4+ Kf5 66. g4+ Kxg4 0-1

[Event "CYCC U12"]
[Site "Kitchener CAN"]
[Date "2006.07.11"]
[Round "3"]
[White "Calugar, Arthur"]
[Black "Wang, Jesse BJ"]
[Result "1-0"]
[WhiteElo "2034"]
[BlackElo "1690"]
[PlyCount "51"]
[GameId "2160767910811489"]
[EventDate "2006.07.10"]
[EventType "swiss"]
[EventRounds "7"]
[EventCountry "CAN"]

1. Nf3 c5 2. b3 Nc6 3. Bb2 e6 4. e3 Nf6 5. c4 b6 6. Be2 Bb7 7. O-O Be7 8. d4 cxd4 9. exd4 d5 10. Nc3 Ba6 11. cxd5 Bxe2 12. Qxe2 Nxd5 13. Qb5 Qd7 14. Rac1 a6 15. Qc4 b5 16. Qd3 O-O 17. Ne5 Nxe5 18. dxe5 Rfd8 19. Rfd1 Qb7 20. Qf3 Bg5 21. Rb1 Rac8 22. Ne4 Be7 23. Qg3 g6 24. Nd6 Bxd6 25. exd6 Rc6 26. Qe5 1-0

[Event "CYCC U12"]
[Site "Kitchener CAN"]
[Date "2006.07.11"]
[Round "4"]
[White "Sapozhnikov, Roman"]
[Black "Calugar, Arthur"]
[Result "1/2-1/2"]
[WhiteElo "1851"]
[BlackElo "2034"]
[PlyCount "74"]
[GameId "2160767910811491"]
[EventDate "2006.07.10"]
[EventType "swiss"]
[EventRounds "7"]
[EventCountry "CAN"]
[SourceTitle "CBM 113 Extra"]
[Source "ChessBase"]
[SourceDate "2006.09.14"]
[SourceVersion "1"]
[SourceVersionDate "2006.09.14"]
[SourceQuality "1"]

1. e4 c5 2. Nf3 Nc6 3. d4 cxd4 4. Nxd4 e6 5. Nb5 Nf6 6. N1c3 d6 7. Bf4 e5 8. Bg5 a6 9. Na3 b5 10. Nd5 Be7 11. Bxf6 Bxf6 12. c3 Bg5 13. Nc2 O-O 14. a4 bxa4 15. Rxa4 a5 16. Bc4 Rb8 17. b3 Kh8 18. Nce3 g6 19. h4 Bxe3 20. Nxe3 f5 21. h5 Qf6 22. hxg6 Qxg6 23. exf5 Bxf5 24. Qd2 Be4 25. f3 Qg3+ 26. Qf2 Qg5 27. Ra1 Ne7 28. Qd2 d5 29. Be2 Qg3+ 30. Kd1 Bg6 31. Ra3 d4 32. cxd4 exd4 33. Qxd4+ Kg8 34. Bc4+ Bf7 35. Bxf7+ Rxf7 36. Qg4+ Qxg4 37. Nxg4 Nf5 1/2-1/2

[Event "CYCC U12"]
[Site "Kitchener CAN"]
[Date "2006.07.12"]
[Round "5"]
[White "Calugar, Arthur"]
[Black "Xiong, Jerry"]
[Result "1-0"]
[WhiteElo "2034"]
[BlackElo "1896"]
[PlyCount "179"]
[GameId "2160767910811492"]
[EventDate "2006.07.10"]
[EventType "swiss"]
[EventRounds "7"]
[EventCountry "CAN"]
[SourceTitle "CBM 113 Extra"]
[Source "ChessBase"]
[SourceDate "2006.09.14"]
[SourceVersion "1"]
[SourceVersionDate "2006.09.14"]
[SourceQuality "1"]

1. Nf3 d5 2. b3 c5 3. Bb2 Nc6 4. e3 Nf6 5. Bb5 Bd7 6. O-O e6 7. Bxc6 Bxc6 8. Ne5 Bd6 9. f4 Qc7 10. d3 O-O-O 11. Nd2 Rhg8 12. Ndf3 h6 13. a4 Rdf8 14. Nxc6 Qxc6 15. Ne5 Qc7 16. c4 Nd7 17. Nxd7 Qxd7 18. cxd5 exd5 19. Rc1 Kb8 20. Ba3 Rc8 21. Qh5 Qe6 22. Qf3 Rge8 23. Rfe1 Bf8 24. e4 d4 25. Qd1 g6 26. Rc4 Bd6 27. Rf1 f5 28. e5 Bf8 29. Qf3 Qc6 30. Qg3 Qe6 31. Re1 Rc6 32. Rec1 Rec8 33. h3 Be7 34. Qf3 g5 35. Rf1 Rf8 36. b4 cxb4 37. Bxb4 Rxc4 38. Bxe7 Qxe7 39. dxc4 Qc5 40. Qd5 Qxd5 41. cxd5 Kc7 42. Rc1+ Kd7 43. fxg5 hxg5 44. Rd1 Re8 45. e6+ Kd6 46. Rxd4 Rc8 47. Rd1 Rc4 48. Re1 Rc8 49. Rb1 b6 50. Rb5 Rc1+ 51. Kf2 Rc2+ 52. Kg1 Rc1+ 53. Kh2 Ra1 54. Rb4 Kxd5 55. Re4 fxe4 56. e7 Rxa4 57. e8=Q Ra5 58. h4 gxh4 59. Qh5+ Kd6 60. Qxh4 Re5 61. Kg1 a5 62. Qf6+ Re6 63. Qd4+ Kc6 64. Qc4+ Kd6 65. Kf2 e3+ 66. Ke2 Ke7 67. g4 Kf6 68. Qf4+ Ke7 69. g5 a4 70. Qc7+ Kf8 71. Qh7 Re7 72. Qh8+ Kf7 73. Qf6+ Ke8 74. g6 a3 75. g7 Rxg7 76. Qxg7 a2 77. Qb2 b5 78. Qxb5+ Ke7 79. Qa4 a1=Q 80. Qxa1 Kd6 81. Kxe3 Kd5 82. Qd4+ Kc6 83. Qe5 Kd7 84. Qf6 Kc7 85. Qe6 Kd8 86. Qf7 Kc8 87. Kd4 Kd8 88. Kc5 Kc8 89. Kc6 Kb8 90. Qb7# 1-0